Clinical Laboratory Management: (Record no. 847)

MARC details
000 -LEADER
fixed length control field 01180cam a22003254a 4500
001 - CONTROL NUMBER
control field 3103520
003 - CONTROL NUMBER IDENTIFIER
control field OSt
005 - DATE AND TIME OF LATEST TRANSACTION
control field 20180319140619.0
008 - FIXED-LENGTH DATA ELEMENTS--GENERAL INFORMATION
fixed length control field 990326s2000 nyua b 001 0 eng c
010 ## - LIBRARY OF CONGRESS CONTROL NUMBER
LC control number 99027977
020 ## - INTERNATIONAL STANDARD BOOK NUMBER
International Standard Book Number 0070471827
040 ## - CATALOGING SOURCE
Original cataloging agency DNLM/DLC
Transcribing agency DLC
Modifying agency DLC
042 ## - AUTHENTICATION CODE
Authentication code pcc
050 00 - LIBRARY OF CONGRESS CALL NUMBER
Classification number RB36.3.F88
Item number N54 2000
060 10 - NATIONAL LIBRARY OF MEDICINE CALL NUMBER
Classification number QY 23
Item number C6412 1999
082 00 - DEWEY DECIMAL CLASSIFICATION NUMBER
Classification number QY 23 C6412 2000
Edition number 21
100 1# - MAIN ENTRY--PERSONAL NAME
Personal name Nigon, Donna L.
9 (RLIN) 2282
245 10 - TITLE STATEMENT
Title Clinical Laboratory Management:
Remainder of title leadership principles for the 21st century
260 ## - PUBLICATION, DISTRIBUTION, ETC. (IMPRINT)
Place of publication, distribution, etc. New York;
Name of publisher, distributor, etc. McGraw-Hill,
Date of publication, distribution, etc. c2000.
300 ## - PHYSICAL DESCRIPTION
Extent xxii, 325 p. :
Other physical details ill. ;
Dimensions 25 cm.
504 ## - BIBLIOGRAPHY, ETC. NOTE
Bibliography, etc Includes bibliographical references and index.
650 #0 - SUBJECT ADDED ENTRY--TOPICAL TERM
Topical term or geographic name as entry element Clinical laboratories
9 (RLIN) 2284
650 22 - SUBJECT ADDED ENTRY--TOPICAL TERM
Topical term or geographic name as entry element Laboratory Techniques and Procedures
9 (RLIN) 2286
856 42 - ELECTRONIC LOCATION AND ACCESS
Materials specified Publisher description
Uniform Resource Identifier <a href="http://www.loc.gov/catdir/description/mh023/99027977.html">http://www.loc.gov/catdir/description/mh023/99027977.html</a>
856 41 - ELECTRONIC LOCATION AND ACCESS
Materials specified Table of contents
Uniform Resource Identifier <a href="http://www.loc.gov/catdir/toc/mh023/99027977.html">http://www.loc.gov/catdir/toc/mh023/99027977.html</a>
856 42 - ELECTRONIC LOCATION AND ACCESS
Materials specified Contributor biographical information
Uniform Resource Identifier <a href="http://www.loc.gov/catdir/enhancements/fy0707/99027977-b.html">http://www.loc.gov/catdir/enhancements/fy0707/99027977-b.html</a>
906 ## - LOCAL DATA ELEMENT F, LDF (RLIN)
a 7
b cbc
c pccadap
d 1
e ocip
f 19
g y-gencatlg
942 ## - ADDED ENTRY ELEMENTS (KOHA)
Source of classification or shelving scheme Other/Generic Classification Scheme
Koha item type Short Loan
Holdings
Withdrawn status Lost status Source of classification or shelving scheme Damaged status Not for loan Home library Current library Date acquired Source of acquisition Inventory number Total Checkouts Full call number Barcode Date last seen Koha item type
    Other/Generic Classification Scheme     MUST Main Library MUST Main Library 06/01/2015 Purchase 03/19917   QY23 C6412 2000 2015-0024 06/01/2015 Short Loan
    Other/Generic Classification Scheme     MUST Main Library MUST Main Library 25/07/2016 Purchase 03/19916   QY23 C6412 2000 2016-3440 25/07/2016 Open Shelf